[Event "IECG CP.2002.Q.00014 email"]
[Site "IECG email"]
[Date "2003.10.01"]
[Round "?"]
[White "Parrilla, Antonio"]
[Black "Trani, Francesco"]
[Result "1-0"]
[WhiteElo "1882"]
[BlackElo "2057"]
[PlyCount "93"]
[EventDate "2003.10.01"]
[EventType "tourn (corr)"]
[EventRounds "10"]
[SourceTitle "Corr 2008"]
[Source "ChessBase"]
[SourceDate "2008.06.24"]
[SourceVersion "1"]
[SourceVersionDate "2008.06.24"]
[SourceQuality "1"]

1. e4 e5 2. Nf3 Nc6 3. Bb5 f5 4. Nc3 Nd4 5. Bc4 d6 6. d3 Nxf3+ 7. Qxf3 c6 8. Bxg8 Rxg8 9. exf5 Qf6 10. Qh5+ Qf7 11. Qxh7 Bxf5 12. Qh4 d5 13. Bg5 Bd6 14. f4 Kd7 15. fxe5 Bxe5 16. Qb4 Bxc3+ 17. bxc3 Rae8+ 18. Kd2 Kc8 19. Rae1 Qd7 20. Qa3 b6 21. Rhf1 Kb7 22. Re7 Rxe7 23. Qxe7 Qxe7 24. Bxe7 g6 25. Rf4 Rg7 26. Bg5 Rf7 27. Ke3 c5 28. g4 Be6 29. h4 Kc6 30. h5 gxh5 31. gxh5 Rg7 32. Rf6 Kd6 33. Kf4 Rf7 34. h6 Rxf6+ 35. Bxf6 Bg8 36. Be5+ Ke6 37. Bb8 a6 38. Ba7 Kf6 39. Bxb6 Kg6 40. Bxc5 Kxh6 41. a4 Kg6 42. Ke5 Kg5 43. a5 Kg4 44. Bb4 Kf3 45. Kd6 Ke3 46. Kc6 Bf7 47. Kb6 1-0

[Event "IECG WC.2005.S.00011 email"]
[Site "IECG email"]
[Date "2003.05.19"]
[Round "?"]
[White "Gilles, Robert P"]
[Black "Parrilla, Antonio"]
[Result "1/2-1/2"]
[WhiteElo "2231"]
[BlackElo "1842"]
[PlyCount "55"]
[EventDate "2003.05.19"]
[EventType "tourn (corr)"]
[EventRounds "10"]
[SourceTitle "Corr 2008"]
[Source "ChessBase"]
[SourceDate "2008.06.24"]
[SourceVersion "1"]
[SourceVersionDate "2008.06.24"]
[SourceQuality "1"]

1. f4 Nf6 2. e3 d5 3. Nf3 e6 4. b3 Be7 5. Be2 0-0 6. 0-0 c5 7. Bb2 b6 8. Qe1 Bb7 9. a3 Nc6 10. d4 cxd4 11. exd4 Qc7 12. Ne5 Ne4 13. Bd3 Nxe5 14. fxe5 f6 15. Nc3 fxe5 16. Nxe4 Rxf1+ 17. Kxf1 dxe4 18. Bxe4 Bxe4 19. Qxe4 Rd8 20. Re1 Bd6 21. Kg1 exd4 22. Qxe6+ Qf7 23. Bxd4 Qxe6 24. Rxe6 Bxa3 25. c3 Bc5 26. Bxc5 bxc5 27. Rc6 Rb8 28. Rxc5 1/2-1/2

[Event "IECG WC.2005.S.00011 email"]
[Site "IECG email"]
[Date "2003.05.19"]
[Round "?"]
[White "Parrilla, Antonio"]
[Black "Dorer, Manfred"]
[Result "1/2-1/2"]
[WhiteElo "1842"]
[BlackElo "2315"]
[PlyCount "103"]
[EventDate "2003.05.19"]
[EventType "tourn (corr)"]
[EventRounds "10"]
[SourceTitle "Corr 2008"]
[Source "ChessBase"]
[SourceDate "2008.06.24"]
[SourceVersion "1"]
[SourceVersionDate "2008.06.24"]
[SourceQuality "1"]

1. e4 e6 2. d3 d5 3. Nd2 Nf6 4. Ngf3 Nc6 5. e5 Nd7 6. d4 f6 7. Bd3 fxe5 8. Nxe5 Ndxe5 9. dxe5 Nxe5 10. Qh5+ Nf7 11. 0-0 g6 12. Qe2 Bg7 13. f4 0-0 14. Nf3 Qd6 15. Re1 c5 16. c4 Bd7 17. Ne5 Nxe5 18. fxe5 Qc7 19. Bg5 dxc4 20. Bxc4 Rf5 21. Bf6 Bxf6 22. exf6 Rxf6 23. Rad1 Raf8 24. Rxd7 Qxd7 25. Bxe6+ Rxe6 26. Qxe6+ Qxe6 27. Rxe6 Rd8 28. Re2 Kf7 29. Kf2 Rd6 30. Rc2 Rd5 31. Ke3 Ke6 32. Rf2 a6 33. Rf8 Rd7 34. h4 h5 35. Rg8 Kf5 36. Rc8 b6 37. Rf8+ Ke5 38. Re8+ Kd5 39. g4 hxg4 40. Re4 g3 41. Rg4 Re7+ 42. Kd3 Ke5 43. Rxg3 Rd7+ 44. Kc3 Kf6 45. Rf3+ Kg7 46. Rg3 Kh6 47. Re3 Rd6 48. Re5 Rf6 49. a3 Rd6 50. b3 Rf6 51. Kd3 Rf3+ 52. Kc2 1/2-1/2